My own nursry rhyme record part. 1 & 2 / (Record no. 46641)

MARC details
000 -LEADER
fixed length control field 00821njm a22002657a 4500
005 - DATE AND TIME OF LATEST TRANSACTION
control field 20100918104654.0
007 - PHYSICAL DESCRIPTION FIXED FIELD--GENERAL INFORMATION
fixed length control field sd ammalaaahaa
008 - FIXED-LENGTH DATA ELEMENTS--GENERAL INFORMATION
fixed length control field 100913t xxu||||| |||| 00| 0 hin d
028 ## - PUBLISHER NUMBER
Publisher number MFP. 1192
Source MFP
035 ## - SYSTEM CONTROL NUMBER
System control number GR-03061
040 ## - CATALOGING SOURCE
Original cataloging agency SED/VEN
100 ## - MAIN ENTRY--PERSONAL NAME
9 (RLIN) 19606
245 ## - TITLE STATEMENT
Title My own nursry rhyme record part. 1 & 2 /
Medium [sound recording] :
Statement of responsibility, etc music Chandos
260 ## - PUBLICATION, DISTRIBUTION, ETC. (IMPRINT)
Place of publication, distribution, etc Dum Dum, India
Name of publisher, distributor, etc MFP
Date of publication, distribution, etc n. d.
300 ## - PHYSICAL DESCRIPTION
Extent 1 sound disc [Gramophone record] :
Other physical details analog, 33 1/3 rpm
Dimensions 12 in. (LP)
Type of unit Gramophone record
500 ## - GENERAL NOTE
General note Brief record.
500 ## - GENERAL NOTE
General note MFP
500 ## - GENERAL NOTE
General note Red
650 ## - SUBJECT ADDED ENTRY--TOPICAL TERM
Topical term or geographic name as entry element Classical Music
General subdivision Excerpts
Geographic subdivision India
9 (RLIN) 19607
700 ## - ADDED ENTRY--PERSONAL NAME
9 (RLIN) 1184
Personal name Chandos
700 ## - ADDED ENTRY--PERSONAL NAME
9 (RLIN) 19643
700 ## - ADDED ENTRY--PERSONAL NAME
9 (RLIN) 19690
942 ## - ADDED ENTRY ELEMENTS (KOHA)
Source of classification or shelving scheme Dewey Decimal Classification
Item type Gramaphone Records
Holdings
Withdrawn status Lost status Source of classification or shelving scheme Damaged status Not for loan Collection code Home library Current library Date acquired Source of acquisition Total Checkouts Barcode Date last seen Copy number Price effective from Koha item type
    Dewey Decimal Classification   Not For Loan Non-fiction Central Library Central Library 18/09/2010 SED/VEN   GR-03061 18/09/2010 1 18/09/2010 Gramaphone Records

© Delhi Public Library
Hit Counter
free hit counter